[Event "IX EICC"]
[Site "Plovdiv BUL"]
[Date "2008.04.23"]
[Round "3"]
[White "Ljangov,P"]
[Black "Vedder,H"]
[Result "0-1"]
[WhiteElo "2192"]
[BlackElo "2371"]

1.c4 e6 2.Nf3 d5 3.g3 Nf6 4.Bg2 c6 5.Qc2 b5 6.b3 Nbd7 7.Bb2 Qb6 8.cxb5 cxb5
9.O-O Bd6 10.d3 Bb7 11.Nbd2 Rc8 12.Qb1 O-O 13.Rc1 e5 14.d4 e4 15.Ne1 a5 16.a3 Bb8
17.Rxc8 Rxc8 18.Qd1 Qe6 19.e3 Nb6 20.Bf1 Bc6 21.Bc3 a4 22.Ba5 Bd7 23.Rc1 Re8
24.Bb4 Qf5 25.Bc5 Re6 26.bxa4 Nxa4 27.Bb4 h5 28.Qe2 h4 29.Nb3 hxg3 30.fxg3 Nh5
31.Bg2 Rh6 32.Nd2 Nb6 33.Nf1 Nc4 34.Qf2 Qg5 35.Rc3 Nf6 36.Be7 Qh5 37.Bxf6 Rxf6
38.Qa2 Qd1 39.Nc2 Bd6 40.Qa1 Qxa1 41.Nxa1 Bxa3 42.Rb3 b4 43.Rb1 Ba4 44.Nb3 Bxb3
45.Rxb3 Rxf1+ 46.Bxf1 Nd2 47.Rxb4 Bxb4 48.Bb5 Nc4 49.Kf2 Bd2 50.Ke2 Bc1 51.Bc6 Nxe3  0-1

[Event "IX EICC"]
[Site "Plovdiv BUL"]
[Date "2008.04.23"]
[Round "3"]
[White "Baumegger,S"]
[Black "Aleksandrov,A"]
[Result "0-1"]
[WhiteElo "2440"]
[BlackElo "2582"]

1.c4 e6 2.Nf3 d5 3.g3 dxc4 4.Qa4+ Nd7 5.Qxc4 a6 6.d4 c5 7.dxc5 Bxc5 8.Bg2 b5
9.Qf4 Ra7 10.O-O Ngf6 11.Nc3 Bb7 12.Be3 Bxe3 13.Qxe3 Ra8 14.Rfd1 O-O 15.Ne5 Bxg2
16.Kxg2 Qc7 17.Nxd7 Nxd7 18.Rac1 Nf6 19.Kg1 Qa5 20.Qe5 Qb4 21.Rc2 Rfc8 22.Rd4 Qe7
23.Rcd2 h6 24.Ne4 Rc1+ 25.Rd1 Rac8 26.Nd6 Rxd1+ 27.Rxd1 Qc7 28.e4 Rd8 29.Qd4 e5
30.Qxe5 Ne8 31.Qxe8+ Rxe8 32.Nxe8 Qc2 33.Rd8 Qb1+ 34.Kg2 Qxe4+ 35.Kh3 Kh7
36.Rb8 Qe5  0-1

[Event "IX EICC"]
[Site "Plovdiv BUL"]
[Date "2008.04.25"]
[Round "5"]
[White "Grecescu,G"]
[Black "Lysyj,I"]
[Result "0-1"]
[WhiteElo "2423"]
[BlackElo "2595"]

1.c4 e6 2.Nf3 d5 3.e3 c5 4.cxd5 exd5 5.d4 a6 6.Nc3 Nf6 7.Be2 Nc6 8.O-O Bd6
9.dxc5 Bxc5 10.a3 O-O 11.b4 Ba7 12.b5 axb5 13.Nxb5 Bb6 14.Bb2 Ne4 15.Rc1 Re8
16.Nbd4 Bd7 17.Qb3 Nxd4 18.Bxd4 Bxd4 19.exd4 Bc6 20.Bb5 Bxb5 21.Qxb5 Rxa3
22.Ne5 f6 23.Qb2 Ra5 24.Nd3 Qd7 25.Rfe1 Rea8 26.f3 Nd6 27.Nc5 Qb5 28.Qxb5 Rxb5
29.Re7 Nf5 30.Rxb7 Rxb7 31.Nxb7 Nxd4 32.Rd1 Nf5 33.g4 Ne7 34.Nc5 Kf7 35.Nb3 Ra2
36.Nc5 Rc2 37.Nd3 Nc6 38.Ne1 Rc5 39.Kf2 g5 40.Rd2 Ke6 41.h4 h6 42.hxg5 hxg5
43.Nd3 Rc3 44.f4 Kd6 45.Kg2 Nd4 46.Nf2 Kc5 47.Nd3+ Kd6 48.Nf2 Rc4 49.fxg5 fxg5
50.Nd1 Nb3 51.Rd3 Rxg4+ 52.Kh3 Rh4+ 53.Kg3 Nc5 54.Rf3 Ne4+ 55.Kg2 Rg4+ 56.Kh2 Rf4
57.Ra3 Ke5 58.Ne3 Rf2+ 59.Kg1 Rd2 60.Ra8 Rd3  0-1

[Event "Open"]
[Site "Halkidiki GRE"]
[Date "2008.05.01"]
[Round "4"]
[White "Ermenkov,Evgenij"]
[Black "Zakarian,D"]
[Result "1/2-1/2"]
[WhiteElo "2463"]
[BlackElo "2330"]

1.c4 e6 2.Nf3 d5 3.b3 Nf6 4.g3 d4 5.Bg2 c5 6.e3 Nc6 7.exd4 cxd4 8.O-O Be7
9.Re1 O-O 10.d3 h6 11.Na3 Bb4 12.Re2 e5 13.Nxe5 Nxe5 14.Rxe5 Qd6 15.Nc2 Qxe5
16.Nxb4 Bg4 17.f3 Bf5 18.Nc2 Rad8 19.Bb2 Rfe8 20.Bf1 Nh7 21.Qd2 Ng5 22.Kf2 Qf6
23.Bg2 Bg4 24.Qf4 Bxf3 25.Re1 Qa6 26.Rxe8+ Rxe8 27.Nxd4 Bxg2 28.Kxg2 Qg6
29.h4 Ne6 30.Qe5 f6 31.Qd5 Qf7 32.Ne2 Nc5 33.Qf3 b6 34.d4 Qb7 35.Nf4 Qxf3+
36.Kxf3 Ne4 37.h5 Nd2+ 38.Kf2 Ne4+ 39.Kf3 Nd2+ 40.Kf2 Ne4+  1/2-1/2

[Event "Panamericano w"]
[Site "San Salvador ESA"]
[Date "2008.05.08"]
[Round "4"]
[White "Pastor,T"]
[Black "Avelar,G"]
[Result "1/2-1/2"]
[WhiteElo "1972"]
[BlackElo "1966"]

1.c4 e6 2.Nf3 d5 3.g3 Nf6 4.Bg2 g6 5.b3 Bg7 6.Bb2 O-O 7.O-O Nbd7 8.d3 c6
9.Nbd2 Re8 10.Rc1 e5 11.cxd5 cxd5 12.e3 Rb8 13.Rc2 b6 14.Re1 Bb7 15.Nf1 e4
16.Nd4 Rc8 17.b4 Ne5 18.dxe4 dxe4 19.Rxc8 Qxc8 20.Re2 Nd3 21.a3 Qd7 22.Rd2 Rc8
23.Rc2 Rxc2 24.Qxc2 Ng4 25.Nd2 Ndxf2 26.Nxe4 Nxe3 27.Qxf2 Nd1 28.Nf6+ Bxf6
29.Qxf6 Nxb2 30.Bxb7 Qxb7 31.Nc6 Nc4 32.Ne7+ Kf8 33.Nxg6+ hxg6 34.Qd8+ Kg7
35.Qd4+ f6 36.Qxc4 Qe7  1/2-1/2

[Event "Mayors Cup Open"]
[Site "Mumbai IND"]
[Date "2008.05.12"]
[Round "2"]
[White "Kunte,A"]
[Black "Abhishek,K"]
[Result "1-0"]
[WhiteElo "2547"]
[BlackElo "2129"]

1.c4 e6 2.Nf3 d5 3.d4 c5 4.cxd5 exd5 5.g3 Nc6 6.Bg2 Nf6 7.O-O Be7 8.Nc3 O-O
9.Bg5 cxd4 10.Nxd4 h6 11.Be3 Re8 12.Qb3 Na5 13.Qc2 Bf8 14.Rad1 Bg4 15.h3 Be6
16.Bc1 Qc8 17.Nxe6 Qxe6 18.Nxd5 Nxd5 19.Bxd5 Rac8 20.Qa4 Qb6 21.Bd2 Nc6 22.Bc3 Rxe2
23.Bxf7+ Kxf7 24.Qf4+ Ke7 25.Rfe1 Rxe1+ 26.Rxe1+ Kd7 27.Qf7+ Ne7 28.Rd1+  1-0

[Event "43rd Capablanca Memorial Open"]
[Site "Havana CUB"]
[Date "2008.05.15"]
[Round "8"]
[White "Perez Garcia,Rodn"]
[Black "Pozo Vera,S"]
[Result "1/2-1/2"]
[WhiteElo "2432"]
[BlackElo "2451"]

1.c4 e6 2.Nf3 d5 3.b3 c5 4.g3 Nc6 5.Bg2 Nf6 6.O-O Be7 7.e3 O-O 8.Bb2 b6 9.Nc3 Ba6
10.d3 Rc8 11.Qe2 Re8 12.Rfd1 Bf8 13.Rd2 g6 14.a4 Bg7 15.Rad1  1/2-1/2

[Event "Mayors Cup Open"]
[Site "Mumbai IND"]
[Date "2008.05.15"]
[Round "6"]
[White "Deshmukh,A"]
[Black "Kamble,V"]
[Result "0-1"]
[WhiteElo "2248"]
[BlackElo "2378"]

1.c4 e6 2.Nf3 d5 3.e3 Nf6 4.b3 Be7 5.Bb2 O-O 6.Qc2 c5 7.a3 b6 8.d3 Bb7 9.Nbd2 Nc6
10.g4 d4 11.Rg1 Ne8 12.g5 Nd6 13.h4 f6 14.Bh3 f5 15.exd4 cxd4 16.b4 a6 17.Qb3 Ne8
18.Bg2 Ra7 19.O-O-O Nc7 20.Rde1 b5 21.h5 Qd7 22.Kb1 Ba8 23.Rc1 Rb8 24.cxb5 Nxb5
25.Rge1 Nc3+ 26.Ka1 Nxb4 27.Ne5 Qd6 28.Ndc4 Qc7 29.Bxa8 Nxd3 30.Qxb8+ Qxb8
31.Nxd3 Rxa8 32.Bxc3 dxc3 33.Rxc3  0-1

[Event "Mayors Cup Open"]
[Site "Mumbai IND"]
[Date "2008.05.18"]
[Round "10"]
[White "Kamble,V"]
[Black "Anurag,M"]
[Result "1-0"]
[WhiteElo "2378"]
[BlackElo "2125"]

1.c4 e6 2.Nf3 d5 3.d4 c6 4.Qc2 Bd6 5.Bg5 Ne7 6.Nbd2 f5 7.e3 Nd7 8.Bd3 h6
9.Bf4 Nf6 10.Bxd6 Qxd6 11.Ne5 b6 12.Rc1 Bb7 13.cxd5 Nfxd5 14.Ndc4 Qc7 15.a3 O-O
16.b4 Rac8 17.O-O Rfd8 18.Qe2 Nf6 19.Rc2 Qb8 20.Rb1 Qa8 21.Nd2 Ned5 22.Rbc1 Rc7
23.Bc4 Rdc8 24.Bxd5 Nxd5 25.e4 fxe4 26.Nxe4 c5 27.Nd6 Nf4 28.Qg4 Rf8 29.Ng6 Nxg6
30.Qxg6 Rf6 31.Qe8+ Kh7 32.Qxa8 Bxa8 33.Ne8 Rg6 34.Nxc7 Bxg2 35.Rc3 Bf3+
36.Kf1 Bg2+ 37.Ke1  1-0

[Event "ch-LTU"]
[Site "Kaunas LTU"]
[Date "2008.05.19"]
[Round "3"]
[White "Zagorskis,D"]
[Black "Sakalauskas,V"]
[Result "1-0"]
[WhiteElo "2493"]
[BlackElo "2409"]

1.c4 e6 2.Nf3 d5 3.b3 Nf6 4.g3 Bd6 5.Bg2 O-O 6.O-O b6 7.Bb2 Bb7 8.Nc3 c5
9.cxd5 Nxd5 10.Nxd5 Bxd5 11.Qc2 Be7 12.Rfd1 Nd7 13.e4 Bb7 14.d4 cxd4 15.Nxd4 Rc8
16.Qe2 a6 17.Bh3 Rc7 18.Nxe6 fxe6 19.Bxe6+ Rf7 20.e5 Bc5 21.Bxf7+ Kxf7 22.e6+ Kf8
23.exd7 Rxd7 24.Bxg7+  1-0

[Event "ch-Catalunya"]
[Site "Barcelona ESP"]
[Date "2008.05.21"]
[Round "3.1"]
[White "Oms Pallise,J"]
[Black "Magem Badals,J"]
[Result "1/2-1/2"]
[WhiteElo "2524"]
[BlackElo "2470"]

1.c4 e6 2.Nf3 d5 3.g3 dxc4 4.Bg2 Nf6 5.Qa4+ Nbd7 6.Qxc4 a6 7.Qc2 c5 8.O-O b6
9.b3 Bb7 10.Bb2 Rc8 11.d3 Be7 12.Nbd2 O-O 13.Rac1 b5 14.Qb1 Qb6 15.Qa1 Rfd8
16.Rfd1 h6 17.h3 Bf8 18.a3 Qa7 19.Ne1 Bxg2 20.Kxg2 Nd5 21.Nef3 Qb7 22.Rc2 N5b6
23.Rdc1 Re8 24.Kg1 Qd5 25.Ne5 Nxe5 26.Bxe5 Nd7 27.Bb2 Qh5 28.Nf3 Qxh3 29.b4 Qf5
30.Ne5 Nxe5 31.Bxe5 f6 32.Bd4 h5 33.Bxc5 h4 34.Bxf8 hxg3 35.fxg3 Rxc2 36.Rxc2 Rxf8
37.Qd4 e5 38.Qd5+ Kh7 39.Kg2 Qg4 40.Qf3 Qd7 41.Qc6 Qa7 42.Qe4+ Kg8 43.Qd5+ Kh7
44.Rc5 Re8 45.Qe4+ Kg8 46.Qc6 Rd8 47.Qc7 Qa8+ 48.Qc6 Qa7 49.Qc7 Qa8+ 50.Qc6 Qa7
51.Qc7  1/2-1/2

[Event "XXVI Balatoni Sakkfesztival GM"]
[Site "Balatonlelle HUN"]
[Date "2008.06.16"]
[Round "3"]
[White "Seres,L"]
[Black "Gaponenko,I"]
[Result "1/2-1/2"]
[WhiteElo "2449"]
[BlackElo "2442"]

1.c4 e6 2.Nf3 d5 3.b3 c5 4.g3 Nc6 5.Bg2 d4 6.O-O g6 7.d3 Nge7 8.Na3 Bg7 9.Nc2 a5
10.a3 Bd7 11.Bd2 O-O 12.b4 b6 13.Rb1 Qc7 14.b5 Na7 15.e3 dxe3 16.Nxe3 Rae8
17.Re1 Nac8 18.Qc1 e5 19.Ng5 Nd6 20.Nd5 Nxd5 21.Bxd5 Bc8 22.Ne4 Nf5 23.Qd1 Bb7
24.Bxb7 Qxb7 25.Qf3 Qa8 26.Bc3 Re6 27.Rbd1 Rd8 28.Qg2 Nd6 29.Ba1 Ne8 30.Bb2  1/2-1/2

[Event "Serbia Cup"]
[Site "Zlatibor SRB"]
[Date "2008.06.18"]
[Round "3"]
[White "Todorovic,GN"]
[Black "Savicevic,V"]
[Result "0-1"]
[WhiteElo "2396"]
[BlackElo "2334"]

1.c4 e6 2.Nf3 d5 3.g3 dxc4 4.Qa4+ Nd7 5.Bg2 a6 6.Qxc4 Rb8 7.d3 b5 8.Qb3 Bb7
9.Nc3 Ngf6 10.O-O c5 11.Bf4 Rc8 12.Ne5 Bxg2 13.Kxg2 Nh5 14.a4 Bd6 15.Nxd7 Bxf4
16.gxf4 Nxf4+ 17.Kf3 Ng6 18.axb5 Qxd7 19.Rxa6 O-O 20.Kg2 Rfd8 21.Qc4 Qe7
22.Qe4 h6 23.Ra4 Qg5+ 24.Kh1 Qd2 25.Ra2 Qc2 26.Qe3 Rd4 27.Rfa1 Kh7 28.Qc1 Qxc1+
29.Rxc1 Rb4 30.Rc2 Ne5 31.Ra5 Rb8 32.Kg2 g5 33.Ne4 c4 34.d4 Ng6 35.Nd2 Nf4+
36.Kf3 Rc8 37.Ne4 Rb3+ 38.e3 Nd3 39.Nd6 Rd8  0-1

[Event "4th IRT Soc. Italiana"]
[Site "Merlo ARG"]
[Date "2008.06.27"]
[Round "5"]
[White "Lugo,Ser"]
[Black "Koch,Ju"]
[Result "1/2-1/2"]
[WhiteElo "1997"]
[BlackElo "2039"]

1.c4 e6 2.Nf3 d5 3.b3 Nf6 4.Bb2 c5 5.g3 d4 6.d3 Nc6 7.Bg2 Be7 8.O-O O-O 9.Na3 e5
10.Nc2 Nd7 11.e3 f5 12.exd4 cxd4 13.Re1 a5 14.a3 Re8 15.Rb1 Bf8 16.Ba1 g6
17.b4 axb4 18.axb4 Ra4 19.b5 Nb4 20.Ncxd4 Rxa1 21.Rxa1 exd4 22.Qb3 Rxe1+
23.Rxe1 Nc5 24.Qxb4 Nxd3 25.Qd2 Nxe1 26.Nxe1 b6 27.Bd5+ Kg7 28.Qxd4+ Qf6
29.Qe3 Bd7 30.Nd3 g5 31.Qe5 Bd6 32.Qxf6+ Kxf6 33.f3 h5 34.Kf2 h4 35.gxh4 gxh4
36.f4 Be6 37.Bxe6 Kxe6 38.Kg2 Be7 39.Kh3 Kd6 40.Ne5 Bf6 41.Nf3 Kc5 42.Nxh4 Kxc4
43.Nxf5 Kxb5 44.Nd6+ Kc6 45.Ne4 Bd4 46.Kg4 Kd5 47.Kf5 b5 48.h4 b4 49.h5 b3
50.h6 b2 51.Nd2 Bc3 52.Nb1 Bh8 53.Kg6 Ke6 54.f5+ Ke7 55.Kh7 Bf6 56.Kg8 Be5
57.h7 Bd4 58.Nd2 Be5 59.Nb1 Bd4 60.Nd2  1/2-1/2

[Event "Atlantis Meestertienkamp"]
[Site "Groningen NED"]
[Date "2008.06.28"]
[Round "2"]
[White "Bosboom,M"]
[Black "Bedouin,X"]
[Result "0-1"]
[WhiteElo "2471"]
[BlackElo "2369"]

1.c4 e6 2.Nf3 d5 3.e3 Nf6 4.a3 c5 5.d4 dxc4 6.Bxc4 a6 7.O-O b5 8.Ba2 Bb7
9.Qe2 Nbd7 10.Rd1 Qc7 11.Nc3 Bd6 12.dxc5 Nxc5 13.e4 Ncxe4 14.Nxe4 Nxe4 15.Rd4 Nf6
16.Bg5 Rd8 17.Rc1 Qe7 18.Rh4 h6 19.Re1 O-O 20.Bxh6 gxh6 21.Qe3 Bxf3 22.Qxh6 Bh5
23.Bb1 Bf4 24.Rxf4 Bg6 25.Rh4 Nh7 26.Bxg6 fxg6 27.Qxg6+ Kh8 28.Rh6 Rd2 29.Rf1 Rxb2
30.Qe4 e5 31.Rxa6 Qc5 32.Rh6 Rf7 33.h3 Qd4 34.Qg6 Qf4 35.g3 Qf3 36.Rh4 Rd2
37.Rg4 Rd8 38.Qb6 Qd5 39.Rb4 Rb7 40.Qe3 Rc7 41.Rfb1 Rc5 42.h4 Rf8 43.a4 bxa4
44.Rxa4 Rc2 45.Rf1 Qc5 46.Qe1 Rf3 47.Kg2 Qd5 48.Re4 Nf6 49.Kxf3 Nxe4 50.Kg4 Nf6+
51.Kh3 Qe6+ 52.Kg2 Qf5 53.Qe3 Ng4 54.Qb6 Nf6 55.Kg1 Kg7 56.Ra1 Kg6 57.Qe3 Rc6
58.Ra8 Qb1+ 59.Kg2 Qe4+ 60.Qxe4+ Nxe4 61.Re8 Kf5 62.Rf8+ Nf6 63.g4+ Kxg4
64.f3+ Kxh4 65.Kf2 Rc2+ 66.Ke3 Rc3+ 67.Ke2 Kg5 68.Kf2 Kf5 69.Ke2 Ra3 70.Kf2 Ke6
71.Ke2 Nd5 72.Re8+ Kd6 73.Kf2 Nc7 74.Rd8+ Ke7 75.Rd2 Ne6 76.Kg2 Kf6 77.Rd6 Kf5
78.Rd7 Ng5  0-1

[Event "XII Izmailov Mem"]
[Site "Tomsk RUS"]
[Date "2008.06.30"]
[Round "6"]
[White "Osipov,Vl"]
[Black "Bulchaev,N"]
[Result "1/2-1/2"]
[WhiteElo "2224"]
[BlackElo "2032"]

1.c4 e6 2.Nf3 d5 3.g3 c5 4.Bg2 Nc6 5.O-O Nf6 6.b3 Be7 7.e3 O-O 8.Bb2 Qc7
9.Nc3 a6 10.cxd5 exd5 11.d4 Rd8 12.dxc5 Bxc5 13.Na4 Be7 14.Nd4 Bg4 15.Qc2 Rac8
16.Nxc6 bxc6 17.Nc5 a5 18.Rac1 Nd7 19.Bd4 h6 20.Qc3 Nf6 21.Be5 Qa7 22.Bd4 Qa8
23.Qd3 Nd7 24.Nxd7 Rxd7 25.Bc5 Bf6 26.Bd4 Rd6 27.Rc3 Qb7 28.Rfc1 Ra8 29.Bxf6 Rxf6
30.Qd4 Bd7 31.a3 Ra6 32.Qc5 Bf5 33.Bf1 Ra8 34.Bg2 Ra6 35.Bf1  1/2-1/2

[Event "XII Izmailov Mem"]
[Site "Tomsk RUS"]
[Date "2008.07.01"]
[Round "7"]
[White "Korobkin,M"]
[Black "Novikova,A"]
[Result "1-0"]
[WhiteElo "2357"]
[BlackElo "2253"]

1.c4 e6 2.Nf3 d5 3.cxd5 exd5 4.g3 Nf6 5.Bg2 c6 6.O-O Bd6 7.d3 O-O 8.Nc3 Re8
9.h3 h6 10.Re1 Bf5 11.Qc2 Bh7 12.Bd2 Nbd7 13.Rad1 Qc7 14.Bc1 b5 15.b3 Rac8
16.Qb2 b4 17.Nb1 a5 18.Nbd2 Ne5 19.Qb1 Qa7 20.Bb2 Bc5 21.Bxe5 Bxf2+ 22.Kh2 Rxe5
23.Nxe5 Nh5 24.Nf1 Qc7 25.Nf3 Bf5 26.Kh1 Bxe1 27.Rxe1 Nxg3+ 28.Nxg3 Qxg3
29.Ng1 Re8 30.Rf1 Qg6 31.Qc1 Qe6 32.Qc5 g5 33.Qxa5 g4 34.Qxb4 gxh3 35.Bf3 Qe3
36.Qh4 Re6 37.Bg4 Bxg4 38.Qxg4+ Rg6 39.Qf3 Qe7 40.Nxh3 Kf8  1-0

[Event "XXIII Tadeusz Gniota Mem"]
[Site "Police POL"]
[Date "2008.07.14"]
[Round "7"]
[White "Kurpiewski,S"]
[Black "Chlost,M"]
[Result "1/2-1/2"]
[WhiteElo "2184"]
[BlackElo "2131"]

1.c4 e6 2.Nf3 d5 3.d4 Nf6 4.Nc3 Bb4 5.Bg5 O-O 6.e3 b6 7.Qb3 Bxc3+ 8.Qxc3 Bb7
9.c5 bxc5 10.dxc5 Nc6 11.Be2 Qe7 12.Rc1 e5 13.O-O a5 14.Bb5 Rfe8 15.g3 Ne4
16.Bxe7 Nxc3 17.Rxc3 Rxe7 18.h3  1/2-1/2

[Event "Politiken Cup"]
[Site "Helsingor DEN"]
[Date "2008.07.19"]
[Round "1"]
[White "Roiz,M"]
[Black "Klein,Gern"]
[Result "1-0"]
[WhiteElo "2680"]
[BlackElo "2011"]

1.c4 e6 2.Nf3 d5 3.d4 c6 4.Qc2 dxc4 5.Qxc4 b5 6.Qc2 Bb7 7.Bg5 Be7 8.Bxe7 Nxe7
9.Nbd2 O-O 10.e3 Nd7 11.Bd3 Ng6 12.Nb3 Re8 13.O-O Rc8 14.Nc5 Ba8 15.b4 Kh8
16.a4 Nxc5 17.Qxc5 a6 18.Qh5 Qd5 19.Ng5 Kg8 20.Be4 Qd8 21.Qxh7+ Kf8 22.Nxf7 Kxf7
23.Bxg6+ Kf6 24.Bxe8 Qxe8 25.Rfc1 Qd7 26.Rc5 Rf8 27.Qe4 Rh8 28.Qf4+ Ke7 29.axb5 axb5
30.Rg5  1-0

[Event "19th Czech Chladek & Tintera A Open"]
[Site "Pardubice CZE"]
[Date "2008.07.20"]
[Round "3"]
[White "Vokac,M"]
[Black "Schneider,Ig"]
[Result "1/2-1/2"]
[WhiteElo "2451"]
[BlackElo "2338"]

1.c4 e6 2.Nf3 d5 3.b3 Be7 4.Bb2 Bf6 5.Nc3 Ne7 6.e3 c5 7.Be2 O-O 8.d3 Nbc6
9.Qd2 b6 10.O-O Bb7 11.Rfd1 Qd7 12.Rac1 Rad8 13.a3 Nf5 14.cxd5 exd5 15.b4 cxb4
16.axb4 Nxb4 17.d4 a5 18.Ba3 Be7 19.Ne5 Qe6 20.Nb5 Na6 21.Bxe7 Qxe7 22.Qc2 Nd6
23.Nc6 Bxc6 24.Qxc6 Nc8 25.Qa8 Nb4 26.Rc7 Qe6 27.Qb7 Rfe8 28.h3 Ne7 29.Bg4 f5
30.Bf3 Rb8 31.Qa7 Ra8 32.Qb7 Rab8 33.Qa7 Ra8 34.Qb7  1/2-1/2

[Event "Politiken Cup"]
[Site "Helsingor DEN"]
[Date "2008.07.21"]
[Round "4"]
[White "Carlstedt,J"]
[Black "Antonsen,M"]
[Result "1-0"]
[WhiteElo "2203"]
[BlackElo "2455"]

1.c4 e6 2.Nf3 d5 3.g3 Nf6 4.Bg2 Be7 5.O-O O-O 6.Qc2 c5 7.cxd5 exd5 8.b3 Nc6
9.a3 Bg4 10.Bb2 d4 11.d3 Qd7 12.Re1 Rad8 13.Nbd2 Rfe8 14.Rad1 Nd5 15.Rc1 Rc8
16.e4 dxe3 17.fxe3 Bf8 18.Nc4 f6 19.e4 Nc7 20.Ne3 Be6 21.Rcd1 Qf7 22.Nc4 b5
23.Ncd2 Na5 24.e5 fxe5 25.Bxe5 h6 26.Nh4 Nxb3 27.Rf1 Qh5 28.Rde1 Nxd2 29.Qxd2 Bd7
30.Bf3 Bg4 31.Bxc7 Rxe1 32.Qxe1 Rxc7 33.Bxg4 Qxg4 34.Qe8 Qd4+ 35.Rf2  1-0

[Event "Politiken Cup"]
[Site "Helsingor DEN"]
[Date "2008.07.24"]
[Round "7"]
[White "Carlstedt,J"]
[Black "Preuss,F"]
[Result "1-0"]
[WhiteElo "2203"]
[BlackElo "2059"]

1.c4 e6 2.Nf3 d5 3.g3 Nf6 4.Bg2 Be7 5.O-O O-O 6.Qc2 c5 7.d4 cxd4 8.Nxd4 Nc6
9.Nxc6 bxc6 10.Rd1 e5 11.Nc3 d4 12.Bxc6 Rb8 13.Nd5 Nxd5 14.Bxd5 Kh8 15.e3 Bc5
16.b3 f5 17.exd4 Bxd4 18.Bb2 Bxb2 19.Qxb2 Qf6 20.f4 Qb6+ 21.Qf2 Qc7 22.fxe5 Qxe5
23.Qf4 Qxf4 24.gxf4 Bb7 25.Kf2 g6 26.Rab1 a5 27.a3 Rfd8 28.Bxb7 Rxd1 29.Rxd1 Rxb7
30.Rd3 Kg7 31.c5 Kf6 32.c6 Rc7 33.Rc3 Ke6 34.b4 axb4 35.axb4 Kd5 36.b5 h6
37.h4 Kd6 38.Ke3 Kd5 39.Kd3 Rc8 40.c7 Kd6 41.b6 Rxc7 42.bxc7  1-0

[Event "Sun Pawn A"]
[Site "Illichevsk UKR"]
[Date "2008.07.26"]
[Round "7"]
[White "Polyakov,M"]
[Black "Shalimov,V UKR"]
[Result "1-0"]
[WhiteElo "2283"]
[BlackElo "2438"]

1.Nf3 e6 2.c4 d5 3.d4 Nf6 4.Nc3 c6 5.Bg5 h6 6.Bh4 dxc4 7.e4 g5 8.Bg3 b5 9.Be2 Bb7
10.O-O Nbd7 11.Ne5 Bg7 12.Nxd7 Nxd7 13.Bd6 Bf8 14.Bxf8 Rxf8 15.a4 a6 16.e5 Qb6
17.Ne4 O-O-O 18.Nd6+ Kb8 19.axb5 cxb5 20.b3 c3 21.Qd3 f6 22.Nxb7 Kxb7 23.Bf3+ Kb8
24.Qxc3 fxe5 25.dxe5 Rc8 26.Qb2 Nc5 27.Rfd1 Rfd8 28.Qc2 b4 29.Rxd8 Rxd8 30.Be2 a5
31.Bc4 Rd4 32.Rc1 Qc7 33.Bf1 Rd5 34.Qg6 Qxe5 35.Qxh6 Kb7 36.Bc4 Rd8 37.h4 gxh4
38.Qxh4 Kb6  1-0

[Event "Dutch Open"]
[Site "Dieren NED"]
[Date "2008.07.29"]
[Round "7"]
[White "Kabanof,N"]
[Black "Van den Bersselaar,J"]
[Result "1-0"]
[WhiteElo "2132"]
[BlackElo "2186"]

1.c4 e6 2.Nf3 d5 3.cxd5 exd5 4.b3 Nf6 5.Bb2 Be7 6.g3 c5 7.Bg2 Nc6 8.O-O O-O
9.d4 Ne4 10.dxc5 Bxc5 11.e3 b6 12.a3 Ba6 13.Re1 Qd7 14.b4 Be7 15.Nbd2 Rad8
16.Nb3 Qf5 17.Rc1 Rd6 18.Rxc6 Rxc6 19.Nbd4 Qf6 20.Nxc6 Qxc6 21.Nd4 Qd7 22.f3 Nd6
23.Qa1 Bf6 24.a4 Nc4 25.Bc3 Re8 26.Bf1 Bc8 27.e4 h5 28.exd5 Ne3 29.Bb5 Qh3
30.Qb2 Re5 31.f4 Re4 32.Bf1 Qd7 33.Bg2 Rxd4 34.Rxe3 Rd1+ 35.Kf2 Bxc3 36.Qxc3 Bb7
37.Qc2 Ra1 38.Qe2 Qg4 39.Re8+ Kh7 40.Be4+ Kh6 41.Rh8+  1-0

[Event "Sun Pawn B"]
[Site "Illichevsk UKR"]
[Date "2008.07.29"]
[Round "9"]
[White "Semenov,Va"]
[Black "Bagrationi,A"]
[Result "0-1"]
[WhiteElo "2351"]
[BlackElo "2252"]

1.c4 e6 2.Nf3 d5 3.e3 Nf6 4.d4 c6 5.Bd3 Nbd7 6.Nbd2 c5 7.O-O Be7 8.b3 O-O
9.Bb2 b6 10.Ne5 Bb7 11.Qc2 Rc8 12.Rac1 dxc4 13.bxc4 cxd4 14.exd4 g6 15.Ndf3 Nxe5
16.Nxe5 Qd6 17.Qe2 Rfd8 18.Qe3 Bf8 19.f4 a6 20.Rc2 b5 21.c5 Qc7 22.Qe1 Bd5
23.Bc3 Re8 24.Ba5 Qa7 25.h3 Nd7 26.Kh1 Nb8 27.Bc3 Bg7 28.Qa1 f6 29.Ng4 Qd7
30.Re2 Nc6 31.a3 Ne7 32.Ne3 Ba8 33.a4 e5 34.axb5 axb5 35.Kg1 exd4 36.Bxd4 Nc6
37.Nc2 Nxd4 38.Rxe8+ Rxe8 39.Qxd4 Qxd4+ 40.Nxd4 Rd8 41.Ra1 Bb7 42.c6 Bxc6
43.Nxc6 Rxd3 44.Ra8+ Bf8 45.Rb8 b4 46.Nxb4 Rd4 47.Nc2 Rxf4 48.Rc8 Kf7 49.Ne1 Bd6
50.Nf3 Ra4 51.Rc2 Bg3 52.Kf1 g5 53.Ke2 Re4+ 54.Kd3 Re8 55.Rc4 h5 56.Ra4 Kg6
57.Re4 Ra8 58.Rc4 Ra6 59.Rc5 g4 60.hxg4 hxg4 61.Nd2 f5 62.Rc2 Ra1 63.Nc4 Kg5
64.Nd2 Rg1 65.Nc4 Bf4 66.Rf2 Rd1+ 67.Kc3 Rd8 68.Rf1 Rh8 69.Kd3 Rh2 70.Rf2 Bc7
71.Rc2 Bf4 72.Rf2 Bg3 73.Rd2 f4 74.Ke4 Rh7 75.Ne5 Re7 76.Rd7 Rxe5+ 77.Kxe5 f3+
78.Ke4 fxg2 79.Rd1 Bf2  0-1

[Event "8th United Insurance"]
[Site "Dhaka BAN"]
[Date "2008.08.02"]
[Round "5"]
[White "Himanshu,Sh"]
[Black "Rahman,Tai"]
[Result "1-0"]
[WhiteElo "2423"]
[BlackElo "2307"]

1.c4 e6 2.Nf3 d5 3.d4 Nf6 4.Nc3 Be7 5.cxd5 exd5 6.Bg5 c6 7.e3 Bf5 8.Bd3 Bxd3
9.Qxd3 Nbd7 10.O-O O-O 11.Rab1 Re8 12.Rfc1 Ne4 13.Bxe7 Qxe7 14.Qc2 f5 15.b4 a6
16.a4 Qf6 17.b5 axb5 18.axb5 Nd6 19.bxc6 bxc6 20.Ne2 Nc4 21.Rb7 Ndb6 22.Nf4 g6
23.h4 Re7 24.Rxb6 Nxb6 25.Qxc6 Qxc6 26.Rxc6 Rb8 27.h5 gxh5 28.Nh4 Rf7 29.Nxh5 Nd7
30.g3 Rb6 31.Rc8+ Rf8 32.Rxf8+ Kxf8 33.Nxf5 Kf7 34.Kg2 Nf6 35.Nxf6 Kxf6 36.Nh4 Rb2
37.Kf3 Kg5 38.Ng2 Rb7 39.Nf4 Rd7 40.Nh3+ Kf5 41.g4+ Kf6 42.Kf4 h6 43.Kg3 Ke6
44.Nf4+ Kd6 45.Kh4 Rg7 46.Nh5 Rf7 47.f4 Re7 48.Ng3 Kc6 49.Nf5 Re6 50.Kh5 Kb5
51.g5 hxg5 52.fxg5 Kc4 53.g6 Kd3 54.g7 Re8 55.Kg6 Ra8 56.Kf7 Ke4 57.g8=Q Rxg8
58.Kxg8 Kxf5 59.Kf7  1-0

[Event "Najdorf Memorial Open"]
[Site "Warsaw POL"]
[Date "2008.08.05"]
[Round "4"]
[White "Jaroch,K"]
[Black "Sosnowska,E"]
[Result "0-1"]
[WhiteElo "2158"]
[BlackElo "2008"]

1.c4 e6 2.Nf3 d5 3.b3 c5 4.Bb2 Nf6 5.e3 Be7 6.Be2 Nbd7 7.O-O b6 8.d4 O-O
9.Qc2 Bb7 10.Nc3 Rc8 11.Rfd1 Qc7 12.Rac1 cxd4 13.Nb5 Qb8 14.exd4 Ne4 15.Bd3 Ndf6
16.Qe2 Ng4 17.Rf1 Qf4 18.h3 Ngf6 19.Qe3 Qxe3 20.fxe3 a6 21.Nc3 dxc4 22.bxc4 Bb4
23.Ne5 Rc7 24.a3 Ba5 25.Rc2 Nd6 26.Na2 Nfe4 27.Nb4 f6 28.Nf3 Rfc8 29.Rfc1 Kf7
30.c5 bxc5 31.Nxa6 c4 32.Nxc7 cxd3 33.Rc5 Nxc5 34.dxc5 Ne4 35.c6 Rxc7 36.cxb7 Rxb7
37.Ba1 d2 38.Rd1 Rc7 39.Kf1 Rc1  0-1

[Event "Timisoara Cup GM"]
[Site "Timisoara ROM"]
[Date "2008.08.06"]
[Round "6"]
[White "Grunberg,M"]
[Black "Kovacevic,Bl"]
[Result "0-1"]
[WhiteElo "2400"]
[BlackElo "2473"]

1.c4 e6 2.Nf3 d5 3.g3 g6 4.Bg2 Bg7 5.O-O Ne7 6.d4 Nbc6 7.Nc3 O-O 8.e3 dxc4
9.Qa4 a5 10.Qxc4 b6 11.Rd1 Ba6 12.Qb3 Rc8 13.a4 Nb4 14.Na2 Nxa2 15.Rxa2 Qd5
16.Qxd5 Nxd5 17.Ra3 c5 18.Ne5 Bxe5 19.dxe5 Nb4 20.e4 Rfd8 21.Rd6 f6 22.f4 Nd3
23.Bf1 fxe5 24.fxe5 Nxe5 25.Bxa6 Rxd6 26.Bxc8 Rd1+ 27.Kf2 Rxc1 28.Bxe6+ Kg7
29.Rb3 Ra1 30.Rxb6 Rxa4 31.b3 Rxe4 32.Ra6 h5 33.h4 Nd3+ 34.Kf3 Re1 35.Bc4 Ne5+
36.Kf2 Rc1 37.Ra7+ Kf6 38.Ra6+ Kg7 39.Ra7+ Kf6 40.Ra6+ Kf5 41.Rxa5 Nxc4 42.bxc4 Rxc4
43.Ra6 Re4 44.Rc6 c4 45.Rc5+ Ke6 46.Rc6+ Kf7 47.Rc7+ Ke8 48.Kf3 Rg4 49.Rg7 Kd8
50.Ra7 c3 51.Ra2 Rc4 52.Rc2 Ke7 53.Ke3 Ke6 54.Ke2 Ke5 55.Kd1 Ke4 56.Rf2 Ke3
57.Rf6 Rg4 58.Kc2 Rxg3 59.Kxc3 Ke4+ 60.Kd2 Ke5 61.Ra6 Kf5 62.Ra1 Rg4 63.Rh1 Kf4
64.Ke2 Kg3 65.Kf1 Rf4+ 66.Ke2 Kg2  0-1

[Event "Abkhasian Open"]
[Site "Sukhumi GEO"]
[Date "2008.08.08"]
[Round "6"]
[White "Permiakov,V"]
[Black "Khudjakov,S"]
[Result "1-0"]
[WhiteElo "2339"]
[BlackElo "2123"]

1.Nf3 e6 2.c4 d5 3.g3 b6 4.Bg2 Bb7 5.O-O Nf6 6.d4 Be7 7.Ne5 O-O 8.Nc3 c6
9.Qa4 a6 10.Rd1 b5 11.cxb5 cxb5 12.Qb3 Nc6 13.Nxc6 Bxc6 14.Bg5 Qd7 15.a3 a5
16.Bxf6 gxf6 17.e4 dxe4 18.d5 exd5 19.Bxe4 Qe6 20.Bxd5 Bxd5 21.Nxd5 Rfd8
22.Qxb5 Bd6 23.Re1 Rab8 24.Qxa5 Be5 25.Nxf6+ Qxf6 26.Qxe5 Qxe5 27.Rxe5 Rxb2
28.Rae1 Rdd2 29.Rf5 Rb7 30.Ra1 Ra7 31.a4 Rd6 32.a5 Rda6 33.Ra4 f6 34.Kg2 Kf7
35.Rh5 Kg8  1-0

[Event "Arctic Chess Challenge"]
[Site "Tromso NOR"]
[Date "2008.08.10"]
[Round "9"]
[White "Bjerke,R"]
[Black "Hagen,Ande"]
[Result "0-1"]
[WhiteElo "2212"]
[BlackElo "2084"]

1.Nf3 e6 2.c4 d5 3.g3 Nf6 4.Bg2 Be7 5.O-O O-O 6.d4 c6 7.Qc2 Nbd7 8.Rd1 b6
9.b3 Bb7 10.Nc3 Qc8 11.e4 Rd8 12.Bb2 Qc7 13.Rac1 Rac8 14.Qe2 Ba6 15.Ne5 dxe4
16.Nxd7 Rxd7 17.Nxe4 Nxe4 18.Bxe4 Qd8 19.d5 cxd5 20.Qg4 Bf8 21.Bxh7+ Kxh7
22.Qh5+ Kg8 23.Rd4 dxc4 24.Rh4 f6 25.Qh7+ Kf7 26.Qh5+ g6 27.Qh7+ Bg7 28.Bxf6 Qxf6  0-1